[Event "AUTO-INT-884"]
[Site "http://www.queenalice.com/game.php?id=396112"]
[Date "2008.4.30"]
[Round "1"]
[White "daga2008"]
[Black "Guiguiu"]
[Result "0-1"]
[WhiteElo "1508"]
[BlackElo "1542"]

1. e4 e5 2. Qh5 Nc6 3. Bb5 Nf6 4. Qe2 a6 5. Bxc6 bxc6 6. Nc3 Qe7 7. d3 d5 8.
exd5 cxd5 9. Bg5 h6 10. Bxf6 Qxf6 11. Nxd5 Qd6 12. c4 f6 13. Rc1 Bb7 14. Qh5+
Kd7 15. Qh3+ Kd8 16. Nf3 c5 17. O-O Bxd5 18. cxd5 Qxd5 19. b3 a5 20. Rcd1 Bd6
21. Qg4 g5 22. Qh5 Ke7 23. h4 Qf7 24. Qg4 f5 25. Qh3 g4 26. Qg3 e4 27. Ne5 Qf6
28. Qe3 Qxe5 29. g3 h5 30. Rd2 Ke6 31. a3 Rab8 32. d4 cxd4 33. Qe1 Rxb3 34. a4
Bb4 35. Qd1 Bxd2 36. Qxd2 d3 37. f4 Qd4+ 38. Kh1 Qxa4 39. Qf2 Qc6 40. Qa2 e3+
41. Kg1 Qb5 42. Rb1 a4 43. Rc1 Rd8 44. Kh2 d2 45. Rc6+ Qxc6 46. Qa1 Rd5 47. Qg7
d1=Q 48. Qg8+ Kd6 49. Qf8+ Kc7 50. Qf7+ Kb6 51. Qxd5 Qcc2+ 52. Qd2 Qcxd2# 0-1

[Event "AUTO-INT-884"]
[Site "http://www.queenalice.com/game.php?id=396113"]
[Date "2008.4.30"]
[Round "1"]
[White "Guiguiu"]
[Black "PawnOne"]
[Result "0-1"]
[WhiteElo "1521"]
[BlackElo "1583"]

1. c4 e5 2. e4 Bc5 3. a3 Nc6 4. Nf3 d6 5. h3 Nf6 6. d3 Be6 7. Nc3 Nd4 8. Nxd4
Bxd4 9. Ne2 Bb6 10. Bg5 h6 11. Bxf6 Qxf6 12. f3 O-O 13. Qc2 c6 14. O-O-O d5 15.
b4 dxe4 16. dxe4 Rfd8 17. c5 Bc7 18. Nc3 Qe7 19. g4 b6 20. Rxd8+ Rxd8 21. cxb6
axb6 22. Na4 Rd4 23. h4 f6 24. Qxc6 Bb3 25. Nb2 Qd8 26. Bc4+ Bxc4 27. Nxc4 Rd3
28. Rf1 Kh7 29. Kb2 Qd4+ 30. Ka2 Rc3 31. Qxc7 Rxc4 32. Qf7 Rc2+ 33. Kb3 Qd3+ 34.
Ka4 Rc3 35. Ra1 Qa6# 0-1

[Event "AUTO-INT-884"]
[Site "http://www.queenalice.com/game.php?id=396114"]
[Date "2008.4.30"]
[Round "1"]
[White "PawnOne"]
[Black "Guiguiu"]
[Result "1-0"]
[WhiteElo "1547"]
[BlackElo "1540"]

1. e4 e5 2. Nf3 Nc6 3. Bc4 h6 4. d4 f6 5. O-O d6 6. Bb5 Ne7 7. d5 a6 8. Bxc6+
bxc6 9. Nc3 c5 10. Be3 c6 11. a3 Bg4 12. h3 Bxf3 13. Qxf3 Qb6 14. b4 cxd5 15.
exd5 f5 16. Qe2 f4 17. bxc5 dxc5 18. Bd2 Qd6 19. Rfe1 Ng6 20. Qe4 Be7 21. Rab1
Rf8 22. Na4 Bd8 23. Nxc5 Be7 24. Bb4 Rf6 25. Nd3 Qc7 26. Bxe7 Qxe7 27. d6 Qa7
28. Rb7 Qb8 29. Rxb8+ Rxb8 30. Nxe5 Nxe5 31. Qxe5+ Kf7 32. d7 1-0

[Event "Challenge"]
[Site "http://www.queenalice.com/game.php?id=401161"]
[Date "2008.5.10"]
[Round "-"]
[White "Guiguiu"]
[Black "Lx"]
[Result "1-0"]
[WhiteElo "1520"]
[BlackElo "1338"]

1. c4 d5 2. cxd5 Qxd5 3. d4 g6 4. Nf3 Nd7 5. Nc3 Qa5 6. Bd2 b5 7. e3 Ba6 8. Nxb5
Qb6 9. a4 c6 10. Nc3 Ngf6 11. Bxa6 Qxa6 12. h3 Bg7 13. Qe2 Qc8 14. O-O O-O 15.
b4 Nd5 16. Nxd5 cxd5 17. b5 e5 18. Nxe5 Nxe5 19. dxe5 Bxe5 20. Rac1 Bc7 21. Bb4
a5 22. Bxf8 Kxf8 23. b6 d4 24. exd4 Ra7 25. bxa7 Qb7 26. a8=Q+ Qxa8 27. Rxc7 h5
28. Qe7+ Kg7 29. Qxf7+ Kh6 30. Qf4+ g5 31. Qf6# 1-0

[Event "Challenge"]
[Site "http://www.queenalice.com/game.php?id=401263"]
[Date "2008.5.11"]
[Round "-"]
[White "maddevil"]
[Black "Guiguiu"]
[Result "1-0"]
[WhiteElo "1666"]
[BlackElo "1593"]

1. e4 e5 2. Bc4 Nf6 3. Nf3 Nc6 4. b3 h6 5. Bb2 d5 6. exd5 Nxd5 7. d4 e4 8. Ne5
Bd7 9. Bxd5 Nxe5 10. dxe5 Bb5 11. Nc3 Bb4 12. Bxb7 Qxd1+ 13. Rxd1 Rb8 14. Bxe4
O-O 15. a3 Bxc3+ 16. Bxc3 Rfe8 17. a4 Ba6 18. Bd3 Bxd3 19. Rxd3 f6 20. f4 fxe5
21. fxe5 Rbc8 22. O-O c5 23. Bb2 c4 24. bxc4 Rxc4 25. Ra1 Rxc2 26. Ra2 Rb8 27.
e6 Rbxb2 28. Rd8+ Kh7 29. Rxb2 Rxb2 30. e7 1-0

[Event "Challenge"]
[Site "http://www.queenalice.com/game.php?id=401264"]
[Date "2008.5.11"]
[Round "-"]
[White "Petruzza"]
[Black "Guiguiu"]
[Result "0-1"]
[WhiteElo "1682"]
[BlackElo "1557"]

1. e4 e5 2. Nf3 Nc6 3. c3 Nf6 4. d3 h6 5. b4 a6 6. Qb3 d5 7. exd5 Nxd5 8. d4
exd4 9. cxd4 Bxb4+ 10. Bd2 Bxd2+ 11. Nbxd2 O-O 12. O-O-O Bg4 13. h3 Bxf3 14.
Nxf3 b5 15. Ne5 Nxe5 16. dxe5 Qg5+ 17. Kb1 c6 18. g3 Qxe5 19. Bg2 Nc3+ 20. Kc2
Nxd1 21. Rxd1 Qc5+ 22. Kb1 Rad8 23. Rc1 Qf5+ 24. Rc2 c5 25. g4 Qe5 26. Bf3 c4
27. Qb4 Rd3 28. Be2 Rxh3 29. Qe1 a5 30. Qxa5 Rh1+ 31. Rc1 Rxc1+ 32. Kxc1 Qxe2
33. Qxb5 Qxa2 34. f4 c3 35. Qb1 Qd2# 0-1

[Event "AUTO-INT-907"]
[Site "http://www.queenalice.com/game.php?id=404845"]
[Date "2008.5.18"]
[Round "1"]
[White "Guiguiu"]
[Black "Tremembe"]
[Result "1-0"]
[WhiteElo "1616"]
[BlackElo "1554"]

1. c4 e5 2. e4 Bc5 3. Nf3 d6 4. h3 Nf6 5. d3 Nc6 6. a3 a5 7. Bg5 h6 8. Bxf6 Qxf6
9. Nc3 O-O 10. Nd5 Qd8 11. g3 Be6 12. Bg2 Bxd5 13. exd5 Nd4 14. Nxd4 Bxd4 15.
Rb1 Qf6 16. O-O b6 17. b4 axb4 18. axb4 Ra3 19. g4 Ra2 20. Kh1 Rxf2 21. Rxf2
Qxf2 22. Qa4 f5 23. Rf1 Qe3 24. Qd1 Ra8 25. Rf3 Qg5 26. Rf1 fxg4 27. Qxg4 Qxg4
28. hxg4 Ra3 29. Be4 Ra2 30. b5 Ra1 31. Rxa1 Bxa1 32. Kg2 Kf7 33. Kg3 g5 34. Kf3
Ke7 35. Bg6 Kf6 36. Bh5 Bd4 37. Ke4 Kg7 38. Kf5 Bc5 39. Ke6 Bb4 40. Kd7 Kf6 41.
Kxc7 Bc5 42. Kd7 e4 43. dxe4 Ke5 44. Bg6 Kf6 45. Bh5 Ke5 46. Bg6 Bb4 47. Ke7 Bc5
48. Kf7 Bd4 49. Bf5 Be3 50. Kg6 Kd4 51. Kxh6 Bf4 52. Kg6 Kxc4 53. Bd7 Kd4 54.
Kf5 Ke3 55. Be8 Kf3 56. Bh5 Ke3 57. Bg6 Kf3 58. e5 dxe5 59. d6 e4 60. d7 Bc7 61.
Kxg5 e3 62. Bd3 e2 63. Bxe2+ Kxe2 64. Kf5 Kd3 65. g5 Kc4 66. g6 Kxb5 67. g7 Kc6
68. Ke6 b5 69. g8=Q b4 70. Qc8 b3 71. d8=Q b2 72. Qcxc7+ 1-0

[Event "AUTO-INT-907"]
[Site "http://www.queenalice.com/game.php?id=404846"]
[Date "2008.5.18"]
[Round "1"]
[White "Tremembe"]
[Black "Guiguiu"]
[Result "0-1"]
[WhiteElo "1561"]
[BlackElo "1580"]

1. e4 e5 2. Bc4 Nc6 3. Qf3 Nf6 4. d3 d6 5. Bg5 Be7 6. Bxf6 Bxf6 7. h4 Nd4 8. Qd1
Bxh4 9. c3 Ne6 10. b4 Nf4 11. Qf3 Bg5 12. g3 Ne6 13. Bxe6 Bxe6 14. c4 c5 15. b5
Qa5+ 16. Kf1 O-O 17. a4 Rad8 18. Nh3 Bf6 19. Kg2 h6 20. Rc1 a6 21. Nc3 axb5 22.
Nxb5 Bd7 23. Nxd6 Bxh3+ 24. Kxh3 Rxd6 25. Rcb1 Rb8 26. Rb5 Qc7 27. a5 Ra8 28.
Qd1 Bd8 29. Rab1 Ra7 30. f4 exf4 31. gxf4 g6 32. e5 Rd4 33. Qf3 Qd7+ 34. Qg4
Rxd3+ 0-1

[Event "AUTO-INT-907"]
[Site "http://www.queenalice.com/game.php?id=404847"]
[Date "2008.5.18"]
[Round "1"]
[White "Guiguiu"]
[Black "joaohumberto"]
[Result "1-0"]
[WhiteElo "1602"]
[BlackElo "1554"]

1. e4 e5 2. Bc4 d6 3. h3 Be6 4. Bxe6 fxe6 5. c4 Ne7 6. d3 g6 7. Bg5 Qd7 8. Bf6
Rg8 9. Nf3 Bg7 10. Bxg7 Rxg7 11. b4 c6 12. Nc3 a5 13. Qa4 Nc8 14. Rd1 Qc7 15. a3
Nb6 16. Qb3 a4 17. Qb2 d5 18. exd5 exd5 19. c5 N6d7 20. O-O Nf6 21. Ng5 Qe7 22.
Rfe1 h6 23. Nf3 Nbd7 24. Qc2 d4 25. Nxd4 Nd5 26. Nxd5 cxd5 27. Nb5 Nf6 28. f3 d4
29. Nxd4 O-O-O 30. Qxa4 Rxd4 31. Qb3 Qc7 32. a4 Nh5 33. Re4 Ng3 34. Rxd4 Ne2+
35. Kf1 Nxd4 36. Qa2 Rf7 37. a5 Qc6 38. Qxf7 g5 39. Qg8+ Kc7 40. Qg7+ Qd7 41.
Qxe5+ Kc8 42. Qh8+ Kc7 43. Qxh6 Qb5 44. Qd6+ Kc8 45. Qxd4 Kb8 46. Re1 Ka7 47.
c6+ Ka6 48. c7 Qc6 49. Qd8 Qb5 50. Re6+ Ka7 51. Qb8# 1-0

[Event "AUTO-INT-907"]
[Site "http://www.queenalice.com/game.php?id=404848"]
[Date "2008.5.18"]
[Round "1"]
[White "joaohumberto"]
[Black "Guiguiu"]
[Result "0-1"]
[WhiteElo "1554"]
[BlackElo "1578"]

1. d4 d5 2. c3 h6 3. Nf3 Nc6 4. e3 a6 5. Ne5 Nxe5 6. dxe5 e6 7. Be2 c5 8. O-O c4
9. Nd2 b5 10. f4 Bc5 11. Rf3 Ne7 12. b3 Nf5 13. b4 Bb6 14. Kf1 Nxe3+ 15. Rxe3
Bxe3 16. Nf3 Bb6 17. Bd2 f6 18. exf6 Qxf6 19. Ne5 Qh4 20. Qe1 Qxh2 21. Qf2 Qh1+
22. Qg1 Qxg1# 0-1

[Event "AUTO-INT-907"]
[Site "http://www.queenalice.com/game.php?id=404849"]
[Date "2008.5.18"]
[Round "1"]
[White "Guiguiu"]
[Black "mitsho"]
[Result "1/2-1/2"]
[WhiteElo "1627"]
[BlackElo "1544"]

1. e4 e5 2. Nf3 Nc6 3. a3 Bc5 4. c3 Nf6 5. d4 exd4 6. cxd4 Bb6 7. Bg5 Ne7 8.
Bxf6 gxf6 9. Nc3 d6 10. h3 Be6 11. d5 Bd7 12. g4 c6 13. dxc6 Bxc6 14. b4 O-O 15.
Be2 d5 16. exd5 Nxd5 17. Nxd5 Bxd5 18. O-O Re8 19. Bd3 Qc7 20. Rc1 Qf4 21. Be2
Bc6 22. Rc4 Re4 23. Rxe4 Bxe4 24. Qb3 Bc7 25. Rc1 Qxc1+ 26. Kg2 Re8 27. a4 Bd5
28. Qxd5 Rxe2 29. Qxb7 Qc2 30. Qxa7 Be5 31. b5 Qc8 32. b6 Bb8 33. Qa8 Re7 34.
Qd5 Rd7 35. Qf5 Qc6 36. a5 Rd5 37. Qe4 Rc5 38. Qxc6 Rxc6 39. Nd4 Rc4 40. Nf5 Rc5
41. a6 Ra5 42. a7 Bxa7 43. Ne7+ Kg7 1/2-1/2

[Event "AUTO-INT-907"]
[Site "http://www.queenalice.com/game.php?id=404850"]
[Date "2008.5.18"]
[Round "1"]
[White "mitsho"]
[Black "Guiguiu"]
[Result "0-1"]
[WhiteElo "1582"]
[BlackElo "1612"]

1. d4 d5 2. e3 Nf6 3. Bd3 a6 4. Nf3 Bg4 5. Nbd2 e6 6. O-O b5 7. h3 Bxf3 8. Nxf3
h6 9. b3 b4 10. a3 Nc6 11. axb4 Bxb4 12. Bd2 a5 13. Bxb4 Nxb4 14. Bb5+ c6 15.
Ba4 O-O 16. Ne5 Ne4 17. Nxc6 Nxc6 18. Bxc6 Ra7 19. Qd3 Qc7 20. Ba4 f5 21. c4
dxc4 22. bxc4 g5 23. d5 exd5 24. cxd5 Qd6 25. Rfc1 Nc5 26. Qd4 Rc7 27. Rab1 Rfc8
28. f3 Nxa4 29. Rxc7 Rxc7 30. Qxa4 Qxd5 31. Qe8+ Kg7 32. e4 fxe4 33. Qxe4 Qxe4
34. fxe4 Kf6 35. Kf2 Ke5 36. Rb5+ Kxe4 37. Rxa5 Rc2+ 38. Kg1 Kf4 39. Ra6 Kg3 40.
Rxh6 Rc1# 0-1

[Event "Challenge"]
[Site "http://www.queenalice.com/game.php?id=411762"]
[Date "2008.6.2"]
[Round "-"]
[White "romabit"]
[Black "Guiguiu"]
[Result "1-0"]
[WhiteElo "1100"]
[BlackElo "1616"]

1. c4 c5 2. Nc3 e5 3. Nf3 Nc6 4. e3 Nf6 5. d4 cxd4 6. exd4 exd4 7. Nxd4 Nxd4 8.
Qxd4 h6 9. Bd3 Bb4 10. O-O O-O 11. Nd5 d6 12. Bxh6 Bc5 13. Nxf6+ gxf6 14. Qf4
Re8 15. Qg3+ Kh8 16. Qg7# 1-0

[Event "Challenge"]
[Site "http://www.queenalice.com/game.php?id=424731"]
[Date "2008.6.28"]
[Round "-"]
[White "luiz_gustavo"]
[Black "Guiguiu"]
[Result "1-0"]
[WhiteElo "1701"]
[BlackElo "1637"]

1. e4 e5 2. Nf3 Nc6 3. Bb5 Nge7 4. Nc3 a6 5. Ba4 b5 6. Bb3 Bb7 7. O-O b4 8. Na4
d5 9. Nc5 Na5 10. Nxb7 Nxb7 11. Nxe5 c6 12. Re1 f6 13. Nf3 Nc5 14. exd5 Nxb3 15.
axb3 Qxd5 16. c4 bxc3 17. bxc3 g6 18. Bb2 Bg7 19. c4 Qd6 20. Ba3 c5 21. d4 O-O
22. Bxc5 Qb8 23. Rxe7 Re8 24. Rxe8+ Qxe8 25. d5 Qd7 26. Nd4 f5 27. Qd2 Qc7 28.
Ne6 Qb7 29. Nxg7 Kxg7 30. Qc3+ Kf7 31. Re1 Re8 32. Rxe8 Kxe8 33. Qh8+ Kd7 34.
Qxh7+ Kc8 35. Qg8+ Kc7 36. Qg7+ Kb8 37. Bd6+ Kc8 38. Qf8+ Kd7 39. Qe7+ Kc8 40.
Qe8# 1-0

[Event "Challenge"]
[Site "http://www.queenalice.com/game.php?id=424732"]
[Date "2008.6.28"]
[Round "-"]
[White "Guiguiu"]
[Black "luiz_gustavo"]
[Result "0-1"]
[WhiteElo "1624"]
[BlackElo "1724"]

1. c4 e5 2. e4 Nf6 3. Nc3 Nc6 4. a3 Be7 5. Nf3 d6 6. h3 b6 7. d3 h6 8. b4 Nd4 9.
Be2 Nxe2 10. Qxe2 O-O 11. O-O c6 12. d4 exd4 13. Nxd4 Bb7 14. b5 c5 15. Nf5 Re8
16. Qf3 Nh7 17. Qg3 Ng5 18. f4 Ne6 19. Nxe7+ Rxe7 20. f5 Ng5 21. h4 Nxe4 22.
Nxe4 Rxe4 23. Bxh6 Qf6 24. Bg5 Qd4+ 25. Kh1 f6 26. Bf4 Qxc4 27. a4 Rae8 28. h5
Re2 29. h6 Bxg2+ 30. Kg1 Qd4+ 31. Kh2 Bxf1+ 32. Kh1 Bg2+ 33. Kh2 Be4+ 34. Kh3
Bxf5+ 35. Kh4 Qf2 36. hxg7 Qxg3+ 37. Kxg3 Kxg7 38. Bxd6 Rd8 39. Rd1 Re6 40. Kf4
Bc2 41. Rd2 Rdxd6 42. Rxd6 Rxd6 43. Ke3 Kg6 0-1

[Event "AUTO-INT-1216"]
[Site "http://www.queenalice.com/game.php?id=545384"]
[Date "2009.2.23"]
[Round "1"]
[White "jmsteinfeld"]
[Black "Guiguiu"]
[Result "0-1"]
[WhiteElo "1763"]
[BlackElo "1658"]

1. e4 e5 2. Nf3 Nc6 3. Bc4 Nf6 4. Ng5 d5 5. exd5 Nxd5 6. d3 h6 7. Ne4 Be6 8. O-O
Qd7 9. a3 O-O-O 10. Nbc3 f5 11. Ng3 Nxc3 12. Bxe6 Qxe6 13. bxc3 Bd6 14. Re1 e4
15. dxe4 Bxg3 16. Qf3 Be5 17. Bf4 fxe4 18. Qxe4 Rhe8 19. Bxe5 Nxe5 20. Rab1 c6
21. h3 Qg6 22. Qxg6 Nxg6 23. Kf1 Rxe1+ 24. Kxe1 Nf4 25. Kf1 c5 26. h4 Rd6 27. g3
Ne6 28. Ke2 a5 29. Rd1 Kc7 30. Rxd6 Kxd6 31. Kd3 b6 32. a4 Ke5 33. f3 g5 34.
hxg5 hxg5 35. c4 Nd4 36. f4+ gxf4 37. gxf4+ Kxf4 38. c3 Nf5 39. Kd2 Ke4 40. Kc2
Ne3+ 41. Kb3 Kd3 0-1

[Event "AUTO-INT-1216"]
[Site "http://www.queenalice.com/game.php?id=545385"]
[Date "2009.2.23"]
[Round "1"]
[White "Guiguiu"]
[Black "jmsteinfeld"]
[Result "1-0"]
[WhiteElo "1645"]
[BlackElo "1740"]

1. c4 e5 2. Nc3 Bc5 3. g3 Qf6 4. Nf3 c6 5. Ne4 Qe7 6. d3 h6 7. a3 a6 8. Bg2 d6
9. O-O Bg4 10. b4 Ba7 11. Be3 Bxe3 12. fxe3 Bxf3 13. exf3 Nf6 14. f4 Nxe4 15.
Bxe4 exf4 16. exf4 O-O 17. Re1 Qf6 18. a4 Re8 19. Bh7+ Kxh7 20. Rxe8 d5 21. d4
dxc4 22. Qc2+ Qg6 23. Qxc4 1-0

[Event "AUTO-INT-1216"]
[Site "http://www.queenalice.com/game.php?id=545400"]
[Date "2009.2.23"]
[Round "1"]
[White "Elrazer"]
[Black "Guiguiu"]
[Result "1/2-1/2"]
[WhiteElo "1753"]
[BlackElo "1665"]

1. d4 d5 2. c3 Nc6 3. Nf3 f6 4. g3 e5 5. dxe5 fxe5 6. e3 Bg4 7. Be2 e4 8. Nd4
Bxe2 9. Qxe2 Qf6 10. O-O O-O-O 11. f3 exf3 12. Rxf3 Nxd4 13. exd4 Qc6 14. Na3
Bxa3 15. bxa3 h6 16. Rb1 Nf6 17. Bf4 Rde8 18. Re3 Rxe3 19. Qxe3 g5 20. Be5 Ng4
21. Qe2 Nxe5 22. Qxe5 Re8 23. Qf5+ Kb8 24. Qf7 a5 25. a4 Re3 26. Rc1 Re2 27. a3
Ra2 28. Rb1 Ka7 29. Rb3 Qc4 30. Rb5 Qxa4 31. Rxb7+ Kxb7 32. Qxd5+ Qc6 33. Qxa2
Qxc3 34. Qd5+ c6 35. Qd7+ Kb6 36. Qd8+ Kb5 37. Qd6 c5 38. dxc5 Qxc5+ 39. Qxc5+
Kxc5 40. Kf2 Kc4 41. Ke2 Kb3 42. Kd3 Kxa3 43. Kc3 a4 44. g4 Ka2 45. Kc2 a3 46.
h3 Ka1 47. Kc1 Ka2 48. Kc2 Ka1 49. Kc1 Ka2 50. Kc2 1/2-1/2

[Event "AUTO-INT-1216"]
[Site "http://www.queenalice.com/game.php?id=545401"]
[Date "2009.2.23"]
[Round "1"]
[White "Guiguiu"]
[Black "Elrazer"]
[Result "0-1"]
[WhiteElo "1678"]
[BlackElo "1826"]

1. c4 d5 2. cxd5 Qxd5 3. Nc3 Qf5 4. e4 Qe6 5. d4 c6 6. d5 Qd6 7. Bc4 cxd5 8.
Qxd5 Qxd5 9. Nxd5 Kd8 10. Nf3 e6 11. Ne5 exd5 12. Nxf7+ Ke8 13. Bxd5 Nf6 14.
Nxh8 Nxd5 15. exd5 Bd6 16. O-O Kf8 17. Re1 Bd7 18. Bd2 Kg8 19. Rac1 Na6 20. Ng6
hxg6 21. a3 Rf8 22. Bb4 Bxb4 23. axb4 Nxb4 24. Rc7 Rf7 25. d6 Nd5 26. Rxb7 a5
27. b3 Bc6 28. Rxf7 Kxf7 29. Ra1 Ke6 30. Rxa5 Kxd6 31. Ra7 Bd7 32. h3 g5 33. g4
g6 34. Ra6+ Bc6 35. f3 Nb4 36. Ra1 Bxf3 37. Kf2 Be4 38. Rd1+ Ke5 39. Rd8 Bd5 40.
Re8+ Kf6 41. Rb8 Nd3+ 42. Ke3 Nf4 43. Kd4 Bg2 44. Rh8 Bxh3 45. Rxh3 Nxh3 46. Kc5
Ke6 47. Kc6 Nf4 48. b4 Nd3 49. b5 Ne5+ 50. Kc7 Nxg4 51. b6 Nf6 52. b7 Nd7 53.
b8=Q Nxb8 0-1

[Event "AUTO-INT-1216"]
[Site "http://www.queenalice.com/game.php?id=545410"]
[Date "2009.2.23"]
[Round "1"]
[White "rdononato"]
[Black "Guiguiu"]
[Result "1-0"]
[WhiteElo "1926"]
[BlackElo "1663"]

1. d4 d5 2. Nf3 Nc6 3. c3 f6 4. e3 Bg4 5. Nbd2 e5 6. dxe5 fxe5 7. Be2 Qf6 8. Qb3
O-O-O 9. a4 e4 10. Nd4 Bxe2 11. Nxe2 Nge7 12. Nd4 Nf5 13. Nxc6 Qxc6 14. Qb5 Rd6
15. Qxc6 Rxc6 16. Nb3 b6 17. Bd2 a5 18. Ke2 h5 19. Rhc1 Be7 20. Nd4 Nxd4+ 21.
cxd4 Rxc1 22. Rxc1 g5 23. Rc6 Bd6 24. h3 Kd7 25. Rc1 g4 26. Rh1 1-0

[Event "AUTO-INT-1216"]
[Site "http://www.queenalice.com/game.php?id=545411"]
[Date "2009.2.23"]
[Round "1"]
[White "Guiguiu"]
[Black "rdononato"]
[Result "0-1"]
[WhiteElo "1669"]
[BlackElo "1920"]

1. e4 d5 2. exd5 Qxd5 3. Nc3 Qd8 4. Nf3 Nf6 5. d4 a6 6. h3 g6 7. Bc4 e6 8. O-O
Bg7 9. Bg5 Nbd7 10. d5 e5 11. Re1 O-O 12. Nxe5 Nxe5 13. Rxe5 Qd6 14. Re1 Bd7 15.
Ne4 Nxe4 16. Rxe4 Rae8 17. Rxe8 Rxe8 18. c3 b5 19. Bb3 Bf5 20. Bc2 Bxc2 21. Qxc2
Qxd5 22. Bf4 c6 23. b4 Qc4 0-1

[Event "AUTO-INT-907"]
[Site "http://www.queenalice.com/game.php?id=597719"]
[Date "2009.6.3"]
[Round "3"]
[White "jeantomasia"]
[Black "Guiguiu"]
[Result "1-0"]
[WhiteElo "2270"]
[BlackElo "1666"]

1. e4 e5 2. Nf3 Nc6 3. Bb5 Nge7 4. c3 a6 5. Ba4 b5 6. Bb3 h6 7. d4 exd4 8. cxd4
f6 9. O-O d6 10. Nh4 g5 11. Qh5+ Kd7 12. Nf3 Bg7 13. Qf7 Qf8 14. h3 Qxf7 15.
Bxf7 Kd8 16. Rd1 g4 17. Ne1 gxh3 18. g3 f5 19. e5 d5 20. f4 Rf8 21. Bh5 Be6 22.
Be3 Na5 23. b3 c6 24. Nd3 Nb7 25. a4 Bf7 26. Bxf7 Rxf7 27. axb5 cxb5 28. Rc1 Ng8
29. Nc3 Rd7 30. Nxb5 Rc8 31. Rxa6 Rxc1+ 32. Bxc1 Ne7 33. Nb4 Nc8 34. Ra8 Rf7 35.
Na7 Rc7 36. Bb2 Na5 37. Nxc8 Nxb3 38. Nb6+ Ke7 39. N4xd5+ Ke6 40. Nxc7+ Ke7 41.
d5 Nc5 42. Ba3 Kf7 43. Bxc5 Kg6 44. Ne6 Bxe5 45. fxe5 Kh5 46. Nf4+ Kg4 47. Kf2
h5 48. Rg8# 1-0

[Event "AUTO-INT-907"]
[Site "http://www.queenalice.com/game.php?id=597720"]
[Date "2009.6.3"]
[Round "3"]
[White "Guiguiu"]
[Black "jeantomasia"]
[Result "0-1"]
[WhiteElo "1668"]
[BlackElo "2274"]

1. e4 c5 2. c4 Nc6 3. Nf3 g6 4. g3 Bg7 5. Bg2 d6 6. Nc3 Bg4 7. O-O Nd4 8. d3 e6
9. Be3 Ne7 10. a3 Nec6 11. h3 Bxf3 12. Bxf3 a6 13. Bg2 O-O 14. Ne2 Rb8 15. f4 b5
16. cxb5 Rxb5 17. Rb1 Qb6 18. Bxd4 Nxd4 19. Nxd4 Bxd4+ 20. Kh2 Rxb2 21. Rxb2
Qxb2 22. Qa4 Qb5 23. Qc2 Rb8 24. a4 Qa5 25. Rb1 Rxb1 26. Qxb1 Qb4 27. Qd1 Qa3
28. h4 h5 29. f5 Qa2 30. fxg6 fxg6 31. g4 Qf2 32. gxh5 Qxh4+ 33. Bh3 Be5+ 34.
Kg2 Qg3+ 35. Kf1 Qxh3+ 36. Kf2 Bd4+ 37. Ke2 Qe3+ 38. Kf1 Qf2# 0-1